000 00234nam a2200121Ia 4500
100 _aTata steel
942 _cBK
654 _aISO 9000
245 _aISO 9000 Tata Steel Manual
260 _bnone
546 _aENGLISH
999 _c19276
_d19276